000
00214 a2200097 4500
001
28204
100
_a
Connor, J D
245
_a
Better English pronunciation
260
_a
_b
Cambridge
_c
1970
090
_c
18834
_d
18834
942
_a
NUST-CAE
_c
M
_c
9818
999
_c
263277
_d
263277